| 000 | 00593nam a2200181Ia 4500 | ||
|---|---|---|---|
| 008 | 151018s9999 xx 000 0 und d | ||
| 082 |
_bRBASDV37437 _a920 |
||
| 100 | _aनरेंद्र जाधव | ||
| 245 | _aआमचा बाप आन आम्ही | ||
| 250 | _b1 | ||
| 260 |
_bग्रंथाली _c1993 |
||
| 300 | _a190 | ||
| 600 | _aनरेंद्र जाधव | ||
| 630 | _aआमचा बाप आन आम्ही | ||
| 700 | _aनरेंद्र जाधव | ||
| 730 | _aआमचा बाप आन आम्ही | ||
| 942 | _cBOOK | ||
| 999 |
_c1036860 _d1036857 |
||